01203nam a2200385 i 4500001000300000003000400003005001700007008003900024015001800063020001500081040001400096041000800110080001900118080001200137100004400149245004700193250002900240260004200269300002600311490002900337504002200366650001800388650001100406650002600417651001100443655003000454658005100484658003700535710003200572830002800604856009800632942001200730999001700742952005800759bgBPK20220726094213.0021029s2002 pl f f |001 0 pol aPB 2002/17424 a8372476446 aWA NcBPK0 apol a351.353-027.21 a(075.8)1 aLeoński, Zbigniewd(1929-2006)eAutor10aNauka administracji /cZbigniew Leoński. a4. wyd. uzup. i zaktual. aWarszawa :bWydaw. C. H. Beck,c2002. aXII, 161 s. ;c21 cm.1 aPodręczniki Prawnicze. aBibliogr. Indeks. 4aAdministracja 4aTeoria 4aPrawo administracyjne aPolska 4aPodręczniki akademickie aPolityka, politologia, administracja publiczna aPrawo i wymiar sprawiedliwości2 aWydawnictwo C.H. Beck4pbl. 0aPodręczniki Prawnicze uhttp://koha.tu.koszalin.pl/cgi-bin/koha/opac-detail.pl?biblionumber=43510yKatalog online BPK 2UKDcKS c43510d43510 00104071aBPKbBPKceho69166p02046839t35 A.WyKS